00550nmm a2200181Ia 4500008004100000020001800041041000800059100002300067245007900090264004700169300001800216650001700234700002300251700002100274856004900295942000700344999001700351251105s9999||||xx |||||||||||||||||und|| a9788496576261 aspa aArconada, Andrés 0aRodajes al borde de un ataque de nervios :b El cine español se confiesa a[Madrid, España] :bT&B Editores, c2006 a372 páginas aFilm studies aArconada, Andrés1 a Velayos, Teresa uhttps://public.digitaliapublishing.com/a/461 cCF c62078d62078